[Event "Rottach Egern Seniors Cup 12th"]
[Site "Rottach Egern"]
[Date "2024.04.14"]
[Round "9"]
[White "Strobel, Walter"]
[Black "Pollmann, Sascha"]
[Result "1/2-1/2"]
[WhiteElo "2147"]
[BlackElo "2061"]
[PlyCount "36"]
[EventDate "2024.04.06"]
[EventType "swiss"]
[EventRounds "9"]
[EventCountry "GER"]
[SourceTitle "CB16_2024"]
[SourceDate "2024.04.17"]
[SourceVersion "1"]
[SourceVersionDate "2024.04.17"]
[SourceQuality "1"]

1. e4 c5 2. Nf3 g6 3. d4 cxd4 4. Nxd4 Nc6 5. c4 Nf6 6. Nc3 d6 7. f3 Nxd4 8. Qxd4 Bg7 9. Be3 0-0 10. Qd2 Be6 11. Rc1 Qa5 12. Nd5 Qxa2 13. Nxe7+ Kh8 14. Be2 Ng8 15. Nxg8 Kxg8 16. Bd4 Bxd4 17. Qxd4 Qa5+ 18. Kf2 Qe5 1/2-1/2

[Event "Rottach Egern Seniors Cup 12th"]
[Site "Rottach Egern"]
[Date "2024.04.08"]
[Round "3"]
[White "Strobel, Walter"]
[Black "Schoetzig, Detlef"]
[Result "1/2-1/2"]
[WhiteElo "2147"]
[BlackElo "2068"]
[PlyCount "22"]
[EventDate "2024.04.06"]
[EventType "swiss"]
[EventRounds "9"]
[EventCountry "GER"]
[SourceTitle "CB16_2024"]
[SourceDate "2024.04.17"]
[SourceVersion "1"]
[SourceVersionDate "2024.04.17"]
[SourceQuality "1"]

1. e4 d5 2. exd5 Nf6 3. Nf3 Qxd5 4. d4 Bg4 5. Be2 Nc6 6. c4 Qh5 7. Be3 0-0-0 8. Nbd2 e6 9. Qa4 Bb4 10. 0-0-0 Qa5 11. Qxa5 Nxa5 1/2-1/2

[Event "Rottach Egern Seniors Cup 11th"]
[Site "Rottach Egern"]
[Date "2023.04.17"]
[Round "3"]
[White "Bub, Volker"]
[Black "Strobel, Walter"]
[Result "1-0"]
[WhiteElo "2043"]
[BlackElo "2146"]
[PlyCount "91"]
[EventDate "2023.04.15"]
[EventType "swiss"]
[EventRounds "9"]
[EventCountry "GER"]
[SourceTitle "EXT 2024"]
[Source "ChessBase"]
[SourceDate "2023.10.10"]
[SourceVersion "1"]
[SourceVersionDate "2023.10.10"]
[SourceQuality "1"]

1. Nf3 d5 2. g3 Nf6 3. Bg2 Bf5 4. c4 c6 5. 0-0 e6 6. cxd5 exd5 7. d3 h6 8. Qb3 Qb6 9. Qc2 Nbd7 10. Nc3 Bd6 11. e4 Be6 12. Be3 Qa5 13. a3 0-0 14. b4 Qc7 15. Nd4 a6 16. Rac1 Rac8 17. Nxe6 fxe6 18. Bh3 Rce8 19. Na4 Rf7 20. Nc5 Nf8 21. f4 e5 22. f5 Qe7 23. Rf2 Ra8 24. Nb3 N6h7 25. Bg4 Nf6 26. Bf3 Kh7 27. g4 g5 28. Rg2 Kg8 29. Bc5 Rg7 30. Na5 Qd8 31. Qb3 Bb8 32. Rgc2 Rd7 33. Kh1 N8h7 34. Bg1 Kg7 35. Qb2 Bd6 36. h3 Qb8 37. Bc5 Bc7 38. Nb3 Qd8 39. Bg1 dxe4 40. dxe4 Rd3 41. Bg2 h5 42. Nc5 Nf8 43. Nxb7 Qb8 44. Rxc6 hxg4 45. Rxc7+ N8d7 46. Nc5 1-0

[Event "Rottach Egern Seniors Cup 11th"]
[Site "Rottach Egern"]
[Date "2023.04.15"]
[Round "1"]
[White "Bodemer, Wolfgang"]
[Black "Strobel, Walter"]
[Result "0-1"]
[WhiteElo "1826"]
[BlackElo "2146"]
[PlyCount "86"]
[EventDate "2023.04.15"]
[EventType "swiss"]
[EventRounds "9"]
[EventCountry "GER"]
[SourceTitle "EXT 2024"]
[Source "ChessBase"]
[SourceDate "2023.10.10"]
[SourceVersion "1"]
[SourceVersionDate "2023.10.10"]
[SourceQuality "1"]

1. d4 Nf6 2. c4 g6 3. Nc3 d5 4. cxd5 Nxd5 5. e4 Nxc3 6. bxc3 Bg7 7. Bb2 0-0 8. Nf3 c5 9. Be2 cxd4 10. cxd4 Qa5+ 11. Qd2 Qxd2+ 12. Nxd2 Rd8 13. Nb3 Nc6 14. 0-0-0 e6 15. Kb1 b6 16. d5 exd5 17. Bxg7 Kxg7 18. exd5 Nb4 19. Rd4 Bf5+ 20. Kb2 Rac8 21. Rc1 Nxd5 22. g4 Rxc1 23. Nxc1 Be6 24. Nd3 Rc8 25. Nf4 Nxf4 26. Rxf4 g5 27. Ra4 Rc7 28. a3 f5 29. h3 Kf6 30. f3 h6 31. Bd3 Bd7 32. Rb4 Rc5 33. Rd4 Be6 34. Be2 Rd5 35. Kc3 Ke5 36. Rb4 Ra5 37. Kb2 Rc5 38. Bd1 Bd7 39. Be2 b5 40. a4 a5 41. Rb3 b4 42. Re3+ Kf4 43. Re7 Bxa4 0-1

[Event "Rottach Egern Seniors Cup 10th"]
[Site "Rottach Egern"]
[Date "2022.03.31"]
[Round "6"]
[White "Strobel, Walter"]
[Black "Marschall, Josef"]
[Result "1-0"]
[WhiteElo "2151"]
[BlackElo "2002"]
[PlyCount "81"]
[EventDate "2022.03.26"]
[EventType "swiss"]
[EventRounds "9"]
[EventCountry "GER"]
[SourceTitle "CBM 207 Extra"]
[Source "ChessBase"]
[SourceDate "2022.05.31"]
[SourceVersion "1"]
[SourceVersionDate "2022.05.31"]
[SourceQuality "1"]

1. e4 c5 2. Nf3 d6 3. d4 cxd4 4. Nxd4 a6 5. Nc3 e6 6. Be3 Nf6 7. g4 Be7 8. g5 Nfd7 9. h4 Qc7 10. Qd2 Ne5 11. Be2 Nc4 12. Bxc4 Qxc4 13. 0-0-0 b5 14. a3 Bd7 15. Kb1 b4 16. axb4 Qxb4 17. h5 a5 18. Ncb5 Na6 19. c3 Qc4 20. Na3 Qc8 21. Ndb5 d5 22. exd5 Bxa3 23. Nxa3 exd5 24. Qxd5 Bf5+ 25. Ka1 0-0 26. Rhg1 Nb4 27. Qc5 Nd3 28. Qxc8 Rfxc8 29. Rd2 Nb4 30. h6 Nc6 31. Nc4 Rcb8 32. Rgd1 Be6 33. Nb6 Ra6 34. Rd6 Bg4 35. R1d2 Bf3 36. Nd7 Rba8 37. Ne5 Be4 38. f3 f6 39. Nxc6 Bxc6 40. gxf6 gxf6 41. Rg2+ 1-0

[Event "Mittelfranken Landesliga Nord 2122"]
[Site "Mittelfranken"]
[Date "2022.03.20"]
[Round "4.3"]
[White "Strobel, Walter"]
[Black "Eichenauer, Pascal"]
[Result "0-1"]
[WhiteElo "2043"]
[BlackElo "2084"]
[PlyCount "82"]
[EventDate "2021.10.24"]
[EventType "team-tourn"]
[EventRounds "9"]
[EventCountry "GER"]
[SourceTitle "EXT 2024"]
[Source "ChessBase"]
[SourceDate "2023.10.10"]
[SourceVersion "1"]
[SourceVersionDate "2023.10.10"]
[SourceQuality "1"]
[WhiteTeam "Klingenberg"]
[BlackTeam "Wuerzburg"]
[WhiteTeamCountry "GER"]
[BlackTeamCountry "GER"]

1. e4 e5 2. Nc3 Nf6 3. Nf3 Nc6 4. d4 exd4 5. Nd5 Nxd5 6. exd5 Nb4 7. Bc4 Qe7+ 8. Kf1 Qc5 9. Qxd4 b5 10. Bb3 Bb7 11. Qe5+ Be7 12. Be3 Qd6 13. Qxd6 Bxd6 14. Rd1 a5 15. a4 bxa4 16. Bxa4 Nxd5 17. Bd4 0-0-0 18. Bxg7 Rhg8 19. Bh6 Ba6+ 20. Kg1 Nb6 21. Rd4 Nxa4 22. Rxa4 Rde8 23. Be3 Bb7 24. Kf1 f5 25. Rxa5 f4 26. Bd2 Re6 27. h4 Rge8 28. Nd4 Re4 29. c3 c5 30. Nf5 Bf8 31. Rh3 R4e5 32. g4 Rd5 33. Nd4 cxd4 34. Rxd5 Bxd5 35. Bxf4 Bc4+ 36. Kg2 Re1 37. Bd2 Bd5+ 38. Kg3 Bd6+ 39. f4 Rg1+ 40. Kf2 Rg2+ 41. Ke1 Rxg4 0-1

[Event "Landesliga Nord 1920"]
[Site "Bayern"]
[Date "2020.09.13"]
[Round "8.3"]
[White "Strobel, Walter"]
[Black "Krauss, Josef"]
[Result "1-0"]
[WhiteElo "2062"]
[BlackElo "2091"]
[PlyCount "89"]
[EventDate "2019.09.29"]
[EventType "team-tourn"]
[EventRounds "9"]
[EventCountry "GER"]
[SourceTitle "EXT 2022"]
[Source "ChessBase"]
[SourceDate "2021.10.06"]
[SourceVersion "1"]
[SourceVersionDate "2021.10.06"]
[SourceQuality "1"]
[WhiteTeam "Klingenberg"]
[BlackTeam "Schweinfurt"]
[WhiteTeamCountry "GER"]
[BlackTeamCountry "GER"]

1. e4 d6 2. d4 Nf6 3. Nc3 e5 4. Nf3 Nbd7 5. Bc4 Be7 6. a4 0-0 7. 0-0 c6 8. Re1 b6 9. d5 cxd5 10. Nxd5 Nxd5 11. Bxd5 Rb8 12. Bc4 Bb7 13. b3 Kh8 14. Ba3 Qc7 15. Nd2 f5 16. Bd3 Rbe8 17. f3 d5 18. Bxe7 Rxe7 19. exf5 Nf6 20. Qe2 e4 21. fxe4 dxe4 22. Bc4 Qc5+ 23. Qe3 Qxf5 24. Rf1 Qg6 25. a5 Rd8 26. axb6 axb6 27. Rae1 b5 28. Bxb5 Ng4 29. Qf4 h5 30. Nc4 e3 31. Re2 Nf2 32. Qg3 Qxg3 33. hxg3 Ng4 34. Rfe1 Rd5 35. Na3 Bc8 36. Bd3 Rc7 37. Nc4 Ba6 38. Nxe3 Nxe3 39. Bxa6 Ng4 40. Bd3 g6 41. Bxg6 Kg7 42. Bd3 Rc3 43. Re7+ Kf8 44. Rb7 Ra5 45. Rf1+ 1-0

[Event "GER-ch Seniors 65 32nd"]
[Site "Magdeburg"]
[Date "2020.08.20"]
[Round "7"]
[White "Lehmann, Joachim"]
[Black "Strobel, Walter"]
[Result "0-1"]
[WhiteElo "1797"]
[BlackElo "2150"]
[PlyCount "82"]
[EventDate "2020.08.14"]
[EventType "swiss"]
[EventRounds "9"]
[EventCountry "GER"]
[SourceTitle "EXT 2021"]
[Source "ChessBase"]
[SourceDate "2020.10.23"]
[SourceVersion "1"]
[SourceVersionDate "2020.10.23"]
[SourceQuality "1"]

1. d4 d5 2. Nc3 c6 3. Bf4 Nf6 4. e3 Bf5 5. f3 e6 6. g4 Bg6 7. h4 h6 8. Bd3 Bxd3 9. Qxd3 Nbd7 10. Nge2 Nb6 11. 0-0-0 Nc4 12. Rdg1 Qa5 13. Kb1 Be7 14. Nc1 Nd7 15. Nb3 Qa6 16. g5 h5 17. e4 0-0-0 18. exd5 cxd5 19. Re1 g6 20. Nd2 Ndb6 21. Nxc4 Nxc4 22. Ka1 Bb4 23. Re2 Qa5 24. Nd1 Bd6 25. Bxd6 Rxd6 26. Qc3 Qxc3 27. Nxc3 Rb6 28. b3 Nd6 29. Na4 Rc6 30. Nc5 Nf5 31. c3 Ng3 32. Rhe1 Nxe2 33. Rxe2 b6 34. Na4 Kd7 35. Kb2 Rf8 36. Rg2 Kd6 37. Ka3 e5 38. Kb2 Re8 39. Rd2 e4 40. fxe4 Rxe4 41. Rh2 Rc7 0-1

[Event "Landesliga Nord 1920"]
[Site "Bayern"]
[Date "2019.11.10"]
[Round "2.4"]
[White "Hirn, Oskar"]
[Black "Strobel, Walter"]
[Result "1-0"]
[WhiteElo "2164"]
[BlackElo "2062"]
[PlyCount "121"]
[EventDate "2019.09.29"]
[EventType "team-tourn"]
[EventRounds "9"]
[EventCountry "GER"]
[SourceTitle "EXT 2021"]
[Source "ChessBase"]
[SourceDate "2020.10.23"]
[SourceVersion "1"]
[SourceVersionDate "2020.10.23"]
[SourceQuality "1"]
[WhiteTeam "Nuernberg NT II"]
[BlackTeam "Klingenberg"]
[WhiteTeamCountry "GER"]
[BlackTeamCountry "GER"]

1. Nf3 d5 2. g3 Nf6 3. Bg2 c6 4. 0-0 Bf5 5. d3 h6 6. Nbd2 e6 7. b3 Be7 8. Bb2 0-0 9. Ne5 a5 10. a3 Nbd7 11. e4 Bh7 12. Nxd7 Nxd7 13. Qe2 Bf6 14. e5 Be7 15. Kh1 b5 16. f4 Ra6 17. Rae1 c5 18. c4 bxc4 19. bxc4 Rb6 20. Bc3 Qa8 21. cxd5 exd5 22. f5 Rd8 23. Nc4 Ra6 24. Bxa5 Rxa5 25. Nxa5 Qxa5 26. e6 fxe6 27. Qxe6+ Kh8 28. Qxe7 Nf6 29. Re6 Ng8 30. Qh4 Rf8 31. g4 Nf6 32. Qg3 Qxa3 33. Qd6 Rf7 34. h3 Qxd3 35. Qxc5 Ne4 36. Qc8+ Bg8 37. Re8 Nf6 38. Rd8 Re7 39. Qc1 Qg3 40. Qf4 Qc3 41. Rc1 Re1+ 42. Rxe1 Qxe1+ 43. Kh2 Qe2 44. Qd6 Qf2 45. Qg3 Qe2 46. Qf4 Qc2 47. Qe5 Qf2 48. Rf8 Qh4 49. Qf4 h5 50. Rxf6 Qxf6 51. g5 Qd8 52. f6 Qf8 53. Qe5 gxf6 54. gxf6 Qf7 55. Bf3 h4 56. Bh5 Qe6 57. Qg5 Qd6+ 58. Kh1 Qc7 59. Bg6 Bh7 60. f7 Kg7 61. Bh5+ 1-0

[Event "Baden Wuerttemberg-ch Seniors 65+ op"]
[Site "Freudenstadt"]
[Date "2019.07.11"]
[Round "7"]
[White "Kierzek, Matthias"]
[Black "Strobel, Walter"]
[Result "1/2-1/2"]
[WhiteElo "2180"]
[BlackElo "2121"]
[PlyCount "53"]
[EventDate "2019.07.05"]
[EventType "swiss"]
[EventRounds "9"]
[EventCountry "GER"]
[SourceTitle "EXT 2020"]
[Source "ChessBase"]
[SourceDate "2019.10.17"]
[SourceVersion "1"]
[SourceVersionDate "2019.10.17"]
[SourceQuality "1"]

1. d4 Nf6 2. c4 g6 3. Nc3 d5 4. cxd5 Nxd5 5. Bd2 Bg7 6. e4 Nb6 7. Be3 0-0 8. h3 e5 9. dxe5 Bxe5 10. Nf3 Bxc3+ 11. bxc3 Qxd1+ 12. Rxd1 Be6 13. Ra1 N8d7 14. Nd2 Rfe8 15. Be2 Na4 16. Rc1 Nac5 17. c4 f6 18. 0-0 Rad8 19. Rfd1 Bf7 20. f3 f5 21. Bg5 Rc8 22. Nb3 fxe4 23. fxe4 Nxe4 24. Bg4 Be6 25. Bxe6+ Rxe6 26. Rxd7 Nxg5 27. Nc5 1/2-1/2

[Event "Baden Wuerttemberg-ch Seniors 65+ op"]
[Site "Freudenstadt"]
[Date "2019.07.07"]
[Round "3"]
[White "Schmieder, Siegfried"]
[Black "Strobel, Walter"]
[Result "1-0"]
[WhiteElo "2009"]
[BlackElo "2121"]
[PlyCount "87"]
[EventDate "2019.07.05"]
[EventType "swiss"]
[EventRounds "9"]
[EventCountry "GER"]
[SourceTitle "EXT 2020"]
[Source "ChessBase"]
[SourceDate "2019.10.17"]
[SourceVersion "1"]
[SourceVersionDate "2019.10.17"]
[SourceQuality "1"]

1. e4 c5 2. Nc3 e6 3. f4 d5 4. g3 d4 5. Nb1 Nf6 6. d3 Nc6 7. Bg2 Be7 8. Nf3 Qc7 9. a4 b6 10. Nbd2 0-0 11. 0-0 Bb7 12. Nc4 Rad8 13. Qe2 Nb4 14. Nfe5 Nd7 15. Nxd7 Qxd7 16. g4 f6 17. f5 e5 18. g5 fxg5 19. Nxe5 Qc7 20. Nf3 h6 21. Bh3 Bc8 22. Qg2 Bd7 23. Bg4 Be8 24. Bh3 Nc6 25. Bd2 Bf6 26. Rae1 Ne5 27. Nxe5 Bxe5 28. b3 Bh5 29. Bg4 Bxg4 30. Qxg4 Bxh2+ 31. Kg2 Be5 32. Rh1 Qe7 33. Rh5 Rd6 34. Reh1 Bf6 35. Rf1 Kf7 36. Rhh1 Re8 37. Qh5+ Kg8 38. Qg6 Be5 39. f6 Rxf6 40. Rxf6 Bxf6 41. Rxh6 Qe6 42. Bxg5 Qg4+ 43. Kf2 Rf8 44. Qh7+ 1-0

[Event "Landesliga Nord 1819"]
[Site "Bayern"]
[Date "2018.10.21"]
[Round "1.4"]
[White "Strobel, Walter"]
[Black "Wiemer, Peter"]
[Result "0-1"]
[WhiteElo "2077"]
[BlackElo "2190"]
[PlyCount "140"]
[EventDate "2018.10.21"]
[EventType "team-tourn"]
[EventRounds "9"]
[EventCountry "GER"]
[SourceTitle "EXT 2022"]
[Source "ChessBase"]
[SourceDate "2021.10.06"]
[SourceVersion "1"]
[SourceVersionDate "2021.10.06"]
[SourceQuality "1"]
[WhiteTeam "Klingenberg"]
[BlackTeam "Nuernberg Sued SW"]
[WhiteTeamCountry "GER"]
[BlackTeamCountry "GER"]

1. e4 e6 2. d4 d5 3. Nc3 Nf6 4. Bg5 Bb4 5. e5 h6 6. Be3 Ne4 7. Qg4 Kf8 8. a3 Bxc3+ 9. bxc3 c5 10. Bd3 Nxc3 11. dxc5 Nc6 12. Nf3 Qa5 13. 0-0 Bd7 14. Rfe1 Rc8 15. h4 a6 16. h5 Qa4 17. Qg3 d4 18. Bd2 Ne7 19. Qf4 Ned5 20. Qxd4 Qxd4 21. Nxd4 Rxc5 22. Nb3 Rc7 23. Nd4 Ke7 24. Ne2 Rhc8 25. Nxc3 Nxc3 26. Re3 Bb5 27. Bxc3 Rxc3 28. a4 Bxd3 29. cxd3 Rb3 30. d4 Rb4 31. Rd3 Rd8 32. a5 Rdxd4 33. Rg3 Kf8 34. Rc1 Rbc4 35. Rb1 Rc7 36. Rgb3 Rd5 37. f4 Rdd7 38. Rb4 Kg8 39. R1b3 Rd1+ 40. Kh2 Rdd7 41. Kh3 Kh7 42. Rb6 Kg8 43. R6b4 Kh7 44. Rb6 g6 45. hxg6+ Kxg6 46. g4 Kg7 47. Kg3 Re7 48. Kf3 Kg6 49. Ke4 Rc4+ 50. Kf3 Rcc7 51. Ke4 Rc4+ 52. Kf3 Ra4 53. Rxb7 Rxb7 54. Rxb7 Rxa5 55. Rb6 h5 56. gxh5+ Kxh5 57. Rb8 Ra1 58. Rh8+ Kg6 59. Rg8+ Kh7 60. Ra8 a5 61. Ke4 a4 62. Kf3 a3 63. Ra7 Kg6 64. Kg3 a2 65. Kg2 Kh5 66. f5 exf5 67. Ra3 f4 68. e6 fxe6 69. Rh3+ Kg4 70. Rg3+ Kf5 0-1

[Event "GER-chT Laender Seniors 65+"]
[Site "Templin"]
[Date "2018.09.15"]
[Round "6.7"]
[White "Strobel, Walter"]
[Black "Hassenrueck, Helmut"]
[Result "0-1"]
[WhiteElo "2144"]
[BlackElo "2194"]
[PlyCount "166"]
[EventDate "2018.09.10"]
[EventType "team-swiss"]
[EventRounds "7"]
[EventCountry "GER"]
[SourceTitle "EXT 2020"]
[Source "ChessBase"]
[SourceDate "2019.10.17"]
[SourceVersion "1"]
[SourceVersionDate "2019.10.17"]
[SourceQuality "1"]
[WhiteTeam "Bayern"]
[BlackTeam "Nordrhein Westfalen"]
[WhiteTeamCountry "GER"]
[BlackTeamCountry "GER"]

1. e4 e5 2. Nc3 Nf6 3. Nf3 Nc6 4. d4 exd4 5. Nd5 Nb4 6. Bc4 Nbxd5 7. exd5 Bb4+ 8. Bd2 Qe7+ 9. Kf1 0-0 10. Bxb4 Qxb4 11. Qxd4 Re8 12. a3 Qa5 13. b4 Qb6 14. d6 Qxd6 15. Qxd6 cxd6 16. Rd1 a5 17. b5 d5 18. Bxd5 Nxd5 19. Rxd5 b6 20. Nd4 Ra7 21. f3 Rc7 22. Kf2 Rc3 23. Re1 Rxe1 24. Kxe1 g6 25. Rd6 Rxa3 26. Kd2 Ra4 27. Kd3 Kg7 28. g4 Ra3+ 29. Kd2 Bb7 30. c3 Ra2+ 31. Ke3 Rxh2 32. Rxd7 Ba8 33. g5 h5 34. Ne6+ Kg8 35. Rd8+ Kh7 36. Nf8+ Kg7 37. Nd7 Rg2 38. Kf4 Rd2 39. Ke3 Rd6 40. Rxa8 Rxd7 41. Rc8 Ra7 42. Kd2 a4 43. Kc1 Ra5 44. c4 a3 45. Kb1 Ra4 46. Ka2 h4 47. c5 bxc5 48. Rxc5 h3 49. Rc2 Rb4 50. Kxa3 Rxb5 51. f4 Rf5 52. Rf2 h2 53. Rxh2 Rxf4 54. Rg2 Rc4 55. Kb3 Rc7 56. Rg1 Kf8 57. Kb4 Ke7 58. Re1+ Kf8 59. Rf1 Kg7 60. Rf2 Rc1 61. Rg2 Kf8 62. Kb5 Ke7 63. Re2+ Kd6 64. Kb4 Rg1 65. Rd2+ Ke6 66. Re2+ Kf5 67. Rf2+ Kxg5 68. Rxf7 Kg4 69. Kc3 Rd1 70. Kc2 Rd5 71. Rf1 g5 72. Ra1 Kh3 73. Rh1+ Kg2 74. Rh5 Kg3 75. Kc3 Kf4 76. Kc2 Rd8 77. Rh7 g4 78. Rf7+ Kg3 79. Kc1 Kg2 80. Kc2 g3 81. Rf6 Kg1 82. Rf7 g2 83. Rf6 Rd5 0-1

[Event "GER-chT Laender Seniors 65+"]
[Site "Templin"]
[Date "2018.09.14"]
[Round "5.3"]
[White "Strobel, Walter"]
[Black "Sprotte, Norbert"]
[Result "1/2-1/2"]
[WhiteElo "2144"]
[BlackElo "2165"]
[PlyCount "32"]
[EventDate "2018.09.10"]
[EventType "team-swiss"]
[EventRounds "7"]
[EventCountry "GER"]
[SourceTitle "EXT 2020"]
[Source "ChessBase"]
[SourceDate "2019.10.17"]
[SourceVersion "1"]
[SourceVersionDate "2019.10.17"]
[SourceQuality "1"]
[WhiteTeam "Bayern"]
[BlackTeam "Berlin"]
[WhiteTeamCountry "GER"]
[BlackTeamCountry "GER"]

1. e4 e6 2. d4 d5 3. Nc3 Bb4 4. e5 c5 5. a3 Bxc3+ 6. bxc3 Qa5 7. Bd2 Qa4 8. Qg4 Kf8 9. Nf3 b6 10. c4 Nc6 11. dxc5 Qxc2 12. Rc1 Qb2 13. Qf4 Nge7 14. Bc3 Qxa3 15. Ng5 Nd8 16. cxb6 Bb7 1/2-1/2

[Event "GER-chT Laender Seniors 65+"]
[Site "Templin"]
[Date "2018.09.12"]
[Round "3.3"]
[White "Strobel, Walter"]
[Black "Rust Lux, Klaus"]
[Result "1-0"]
[WhiteElo "2144"]
[BlackElo "2071"]
[PlyCount "45"]
[EventDate "2018.09.10"]
[EventType "team-swiss"]
[EventRounds "7"]
[EventCountry "GER"]
[SourceTitle "EXT 2020"]
[Source "ChessBase"]
[SourceDate "2019.10.17"]
[SourceVersion "1"]
[SourceVersionDate "2019.10.17"]
[SourceQuality "1"]
[WhiteTeam "Bayern"]
[BlackTeam "Bremen"]
[WhiteTeamCountry "GER"]
[BlackTeamCountry "GER"]

1. e4 d6 2. d4 Nf6 3. Nc3 g6 4. f4 Bg7 5. Nf3 0-0 6. e5 Nfd7 7. h4 c5 8. h5 cxd4 9. hxg6 hxg6 10. Qxd4 Nc6 11. Qf2 Qa5 12. Qh4 Rd8 13. Qh7+ Kf8 14. f5 Ncxe5 15. Bh6 Nxf3+ 16. gxf3 Qe5+ 17. Ne4 Bxh6 18. Qxh6+ Ke8 19. fxg6 Nf6 20. 0-0-0 fxg6 21. Bb5+ Qxb5 22. Nxf6+ exf6 23. Qg7 1-0

[Event "GER-ch Seniors 65"]
[Site "Hamburg"]
[Date "2018.07.26"]
[Round "6"]
[White "Strobel, Walter"]
[Black "Fleischer, Matthias"]
[Result "1-0"]
[WhiteElo "2155"]
[BlackElo "1935"]
[PlyCount "45"]
[EventDate "2018.07.21"]
[EventType "swiss"]
[EventRounds "9"]
[EventCountry "GER"]
[SourceTitle "CBM 186 Extra"]
[Source "ChessBase"]
[SourceDate "2018.08.24"]
[SourceVersion "1"]
[SourceVersionDate "2018.08.24"]
[SourceQuality "1"]

1. e4 d6 2. d4 Nf6 3. Nc3 g6 4. f4 Bg7 5. Nf3 Bg4 6. h3 Bxf3 7. Qxf3 c6 8. Be3 0-0 9. 0-0-0 Qc7 10. e5 Nfd7 11. h4 e6 12. h5 f5 13. hxg6 hxg6 14. d5 cxd5 15. Nxd5 Qd8 16. exd6 Nc6 17. Nc7 Qf6 18. c3 Rac8 19. Bc4 Rxc7 20. dxc7 Qe7 21. Bf2 Rc8 22. Qe2 Nf8 23. Bc5 1-0

[Event "GER-ch Seniors 65"]
[Site "Hamburg"]
[Date "2018.07.25"]
[Round "5"]
[White "Blab, Ludwig"]
[Black "Strobel, Walter"]
[Result "1-0"]
[WhiteElo "2041"]
[BlackElo "2155"]
[PlyCount "75"]
[EventDate "2018.07.21"]
[EventType "swiss"]
[EventRounds "9"]
[EventCountry "GER"]
[SourceTitle "CBM 186 Extra"]
[Source "ChessBase"]
[SourceDate "2018.08.24"]
[SourceVersion "1"]
[SourceVersionDate "2018.08.24"]
[SourceQuality "1"]

1. Nf3 d5 2. d4 Nf6 3. g3 c6 4. Bg2 Bf5 5. 0-0 e6 6. b3 a5 7. a3 h6 8. Bb2 Nbd7 9. Nbd2 a4 10. b4 b5 11. Re1 Qb6 12. h3 Bh7 13. Kh2 Be7 14. Ne5 0-0 15. Nxd7 Nxd7 16. e4 Rfe8 17. e5 Rac8 18. Nf1 Qd8 19. Bc1 Nf8 20. c3 Nd7 21. Ra2 Nb6 22. f4 Kh8 23. Rf2 Nc4 24. Bf3 Rc7 25. Be2 Nb6 26. Ne3 Be4 27. Ref1 Rg8 28. Bd3 Bxd3 29. Qxd3 Nc4 30. Ng2 g6 31. Qe2 Kg7 32. g4 Rh8 33. f5 gxf5 34. gxf5 Bg5 35. Qg4 Qe8 36. h4 Qg8 37. fxe6 fxe6 38. hxg5 1-0

[Event "GER-ch Seniors 65"]
[Site "Hamburg"]
[Date "2018.07.21"]
[Round "1"]
[White "Peter, Volkhard"]
[Black "Strobel, Walter"]
[Result "0-1"]
[WhiteElo "1798"]
[BlackElo "2155"]
[PlyCount "38"]
[EventDate "2018.07.21"]
[EventType "swiss"]
[EventRounds "9"]
[EventCountry "GER"]
[SourceTitle "CBM 186 Extra"]
[Source "ChessBase"]
[SourceDate "2018.08.24"]
[SourceVersion "1"]
[SourceVersionDate "2018.08.24"]
[SourceQuality "1"]

1. e4 c5 2. d4 cxd4 3. c3 dxc3 4. Nxc3 Nc6 5. Nf3 e6 6. Bc4 d6 7. 0-0 Be7 8. Qe2 Nf6 9. Rd1 e5 10. Nd5 Bg4 11. h3 Nd4 12. Bb5+ Kf8 13. Qd3 Bxf3 14. gxf3 Nxd5 15. exd5 a6 16. Ba4 b5 17. Bc2 Qc8 18. Bb1 Qxh3 19. f4 Nf3+ 0-1

[Event "Regionalliga Nord-West 1718"]
[Site "Bayern"]
[Date "2017.11.12"]
[Round "2.4"]
[White "Ferlan, Istok"]
[Black "Strobel, Walter"]
[Result "1/2-1/2"]
[WhiteElo "2128"]
[BlackElo "2060"]
[PlyCount "52"]
[EventDate "2017.10.22"]
[EventType "team-tourn"]
[EventRounds "9"]
[EventCountry "GER"]
[SourceTitle "EXT 2022"]
[Source "ChessBase"]
[SourceDate "2021.10.06"]
[SourceVersion "1"]
[SourceVersionDate "2021.10.06"]
[SourceQuality "1"]
[WhiteTeam "Kitzingen SC"]
[BlackTeam "Klingenberg"]
[WhiteTeamCountry "GER"]
[BlackTeamCountry "GER"]

1. d4 d5 2. Nf3 Nf6 3. Bf4 c5 4. e3 Nc6 5. c3 Qb6 6. b3 Bg4 7. h3 Bxf3 8. Qxf3 g6 9. Bd3 Bg7 10. 0-0 0-0 11. Bh2 Rac8 12. Nd2 Qa5 13. Nb1 Rfd8 14. Qe2 e6 15. a3 cxd4 16. b4 Qb6 17. cxd4 a5 18. bxa5 Nxa5 19. Nd2 Rc3 20. Rfb1 Qa7 21. g4 Bf8 22. a4 Rdc8 23. Kg2 Ne8 24. h4 Nd6 25. Bf4 Ndc4 26. Ra2 Nxd2 1/2-1/2

[Event "Schleswig Holstein-ch Seniors op 11th"]
[Site "Buesum"]
[Date "2017.09.16"]
[Round "9"]
[White "Strobel, Walter"]
[Black "Leiber, Bernhard"]
[Result "1-0"]
[WhiteElo "2189"]
[BlackElo "2074"]
[PlyCount "63"]
[EventDate "2017.09.08"]
[EventType "swiss"]
[EventRounds "9"]
[EventCountry "GER"]
[SourceTitle "EXT 2019"]
[Source "ChessBase"]
[SourceDate "2018.10.10"]
[SourceVersion "1"]
[SourceVersionDate "2018.10.10"]
[SourceQuality "1"]

1. e4 c5 2. Nf3 a6 3. c3 d5 4. exd5 Qxd5 5. d4 Nc6 6. Be3 cxd4 7. cxd4 e6 8. Nbd2 Nf6 9. Bc4 Qd8 10. 0-0 Be7 11. Rc1 Nb4 12. Ne5 Nbd5 13. Bd3 Bd7 14. Qb3 b5 15. Ndf3 0-0 16. Nxd7 Qxd7 17. Ne5 Qb7 18. a3 Rfc8 19. Bb1 Bf8 20. Qd3 g6 21. Bg5 Nh5 22. Qf3 Bg7 23. g4 Nhf6 24. Bd2 Ne8 25. Rfd1 Nd6 26. b3 Rxc1 27. Rxc1 Rc8 28. Re1 Qa7 29. Qd3 Qe7 30. Nf3 Qf6 31. Bg5 Nf4 32. Qf1 1-0